Kerbau yang bodoh

Bibliographic Details
Main Author: Yulis Hj.Aluwi
Format: Book
Published: Selangor : Penerbit pinang , 2002
Series:Siri teladan dari rimba 1

MARC

LEADER 00000cam a2200000 7i4500
001 0000076183
005 20171025.0
008 171025
020 |a 9830553957 (set) 
020 |a 9830554007 
090 0 0 |a MOR   |b MAL 
100 1 |a Yulis Hj.Aluwi 
245 1 0 |a Kerbau yang bodoh   |c Yulis Hj.Aluwi 
260 |a Selangor :   |b Penerbit pinang ,   |c 2002 
490 1 |a Siri teladan dari rimba 1 
999 |a 0001054399   |b Book   |c Children Collection   |e Cawangan Pontian